DCU Characters - Statistics

General Stats
  • This quiz has been taken 119 times
  • The average score is 7 of 22
Answer Stats
Answer % Correct
Superman
100%
Lex Luthor
69%
Lois Lane
66%
Supergirl
57%
Hawkgirl
55%
Mr. Terrific
48%
Krypto
41%
Jimmy Olsen
37%
Ultraman
33%
Metamorpho
31%
Guy Gardener
23%
Cat Grant
22%
The Engineer
22%
Rick Flag Sr.
21%
Perry White
20%
Jor-El
14%
Maxwell Lord
14%
Ma Kent
13%
Pa Kent
13%
Eve Teschmacher
9%
Lara Lor-Van
9%
Steve Lombard
9%
No matching quizzes found
Score Distribution
Percent of People with Each Score
Percentile by Number Answered
Your Score History
You have not taken this quiz